01137 2200181 4500001002100000005001500021035002000036245003600056100001200092250001700104300003300121260004400154082000800198084001400206020002200220650002000242520069300262INLIS00000000000029220240601082338 a0010-06240000011 aBuku Pintar Tumbuhan /cJumanta0 aJumanta acetakan ke-1 aiv, 140 hlm :bilus ;c27 cm aJakarta :bElex Media Komputindo,c2019 a580 a580 JUM b a978-623-000-134-5 4aTumbuhan, Sains aTumbuhan adalah makhluk hidup yang unik. Walau kita telah sering melihat mereka, namun apakah kita telah benar-benar mengenal siapa mereka sebenarnya? - Tahukah kamu bahwa ada tumbuhan berjenis karnivora? - Tahukah kamu bagaimana cara berbagai buah itu bisa tumbuh? - Tahukah kamu bahwa tumbuhan bisa mengerti bahasa manusia? Buku ini menghadirkan segala yang perlu kita tahu tentang dunia tumbuhan dengan cara paling mudah namun padat dan kaya akan pengetahuan. Dilengkapi dengan ratusan foto dan ilustrasi yang menunjang, menjadikan buku ini tidak hanya enak dibaca, namun juga akan mempermudah pembaca untuk mempelajari tentang kehidupan tumbuhan dengan cara yang menyenangkan.